Cases in Marketing (Record no. 9262)

MARC details
000 -LEADER
fixed length control field 00452nam a22001697a 4500
003 - CONTROL NUMBER IDENTIFIER
control field OSt
005 - DATE AND TIME OF LATEST TRANSACTION
control field 20240723103657.0
008 - FIXED-LENGTH DATA ELEMENTS--GENERAL INFORMATION
fixed length control field 240723b |||||||| |||| 00| 0 eng d
020 ## - INTERNATIONAL STANDARD BOOK NUMBER
International Standard Book Number 970761955696
040 ## - CATALOGING SOURCE
Original cataloging agency MUST
Transcribing agency MUST
082 ## - DEWEY DECIMAL CLASSIFICATION NUMBER
Classification number 381 CAS 1997
100 ## - MAIN ENTRY--PERSONAL NAME
Personal name Edited by Hanne Hartvig Larsen
9 (RLIN) 18930
245 ## - TITLE STATEMENT
Title Cases in Marketing
Statement of responsibility, etc. edited by Hanne Hartvig Larsen
300 ## - PHYSICAL DESCRIPTION
Extent vi, 204p.
Other physical details ill.
Dimensions 23cm
650 ## - SUBJECT ADDED ENTRY--TOPICAL TERM
Source of heading or term Marketing
942 ## - ADDED ENTRY ELEMENTS (KOHA)
Source of classification or shelving scheme Dewey Decimal Classification
Koha item type Open Shelf
Holdings
Withdrawn status Lost status Source of classification or shelving scheme Damaged status Not for loan Home library Current library Date acquired Source of acquisition Inventory number Total Checkouts Full call number Date last seen Price effective from Koha item type Barcode
    Dewey Decimal Classification     MUST Main Library MUST Main Library 23/07/2024 Donation 06/27272   381 CAS 1997 23/07/2024 23/07/2024 Open Shelf  
    Other/Generic Classification Scheme     MUST Main Library MUST Main Library 23/07/2024       381 CAS 1997 23/07/2024 23/07/2024 Open Shelf 2024-22102